Statistiken für Drogentote nach Substanz

Klicken Sie hier um das Quiz zu spielen!

Allgemein

  • Dieses Quiz wurde 152 mal gespielt
  • Das Durchschnittsergebnis liegt bei 5 aus 11

Antwortstatistiken

HintAntwort% Korrekt
14.200Alkohol
88%
48Kokain
86%
130Heroin
80%
0LSD
54%
0Psilocyn
54%
14Methamphetamin
52%
75.500Tabak
52%
37Amphetamin
42%
21Fentanyl
24%
4GHB
2%
30Methadon
2%

Verteilung der Resultate

Perzentil nach korrekt beantworteten Fragen

Anzahl Personen mit jedem Resultat

Ihre Resultats-Entwicklung

Sie haben dieses Quiz noch nicht gespielt